000 00616nam a2200181Ia 4500
008 151018s9999 xx 000 0 und d
082 _bRBASDV8129
_a891.463
100 _aरवींद्र भट
245 _aसागरा प्राण तळमळला
250 _b1
260 _bसंजय प्रकाशन पुणे
_c1973
300 _a421
600 _aरवींद्र भट
630 _aसागरा प्राण तळमळला
700 _aरवींद्र भट
730 _aसागरा प्राण तळमळला
942 _cBOOK
999 _c1010494
_d1010491